000 01031cam a22003257a 4500
003 CHAP
005 20220329141902.0
008 980407d1993 us ab r 00010 eng d
010 _a75273
011 _a76245
020 _a0195065557
035 _a85824
040 _cCHAP
082 0 4 _a634.94
_bB68
100 0 0 _aBotkin, Daniel B.
_914475
245 1 0 _aForest dynamics :
_ban ecological model
_c/by Daniel B. Botkin
260 0 _aOxford :
_bOxford University Press,
_c1993.
300 _a309 p. :
_bilus. ; gráfs. ; mapas
590 _aBATCH-UPD
_b10
_c20130110
_lUCH01
_h0656
590 _aBATCH-UPD
_b10
_c20130410
_lUCH01
_h0341
590 _aBATCH-UPD
_b10
_c20130914
_lUCH01
_h0719
590 _aCONVERSION
_b10
_c20130109
_lUCH01
_h1341
650 1 4 _aÁrboles
_xCrecimiento.
_96583
650 1 4 _aBosques
_xModelos matemáticos.
_914339
650 1 4 _aEcología forestal.
_935176
901 _aBK
905 _aGuadalupe Pinto C.
942 _cLIBRO
949 _a634.94 B68
_bBC
_cLIBRO
_d33724000688297
_eLIBRO
_h92439
_i85824
_si
999 _c75273
_d75273